Harry Potter: By the Numbers Quiz Stats

 Plays Quiz not verified by Sporcle

Challenge
Share
Tweet
Score 0/36 Timer 05:00
0 Plays Today
% Correct
???
100%
???
92.7%
???
91.8%
???
88.1%
???
88.1%
???
87.7%
???
58.9%
???
58.9%
???
57.1%
???
57.1%
???
57.1%
???
57.1%
???
57.1%
???
57.1%
???
57.1%
???
56.6%
???
56.2%
???
56.2%
% Correct
???
55.7%
???
55.7%
???
55.7%
???
50.7%
???
50.7%
???
50.7%
???
50.7%
???
50.7%
???
50.7%
???
50.7%
???
49.8%
???
49.3%
???
48.9%
???
44.7%
???
44.3%
???
44.3%
???
44.3%
???
36.5%

You're not logged in!

Compare scores with friends on all Sporcle quizzes.
OR
Log In

You Might Also Like...

Show Comments

Extras

Created Jul 23, 2011ReportNominate
Tags:Harry Potter Quiz, Hogwarts

Top Quizzes Today


Score Distribution

Your Account Isn't Verified!

In order to create a playlist on Sporcle, you need to verify the email address you used during registration. Go to your Sporcle Settings to finish the process.

Report this User

Report this user for behavior that violates our Community Guidelines.

Details: